[Event "Marburg op-A"]
[Site "Marburg"]
[Date "2023.10.28"]
[Round "5"]
[White "Schulte, Stefan"]
[Black "Backhaus, Manfred"]
[Result "1/2-1/2"]
[WhiteElo "1878"]
[BlackElo "1698"]
[PlyCount "85"]
[EventDate "2023.10.26"]
[EventType "swiss"]
[EventRounds "7"]
[EventCountry "GER"]
[SourceTitle "CB49_2023"]
[SourceDate "2023.12.06"]
[SourceVersion "1"]
[SourceVersionDate "2023.12.06"]
[SourceQuality "1"]

1. e4 e6 2. d4 b6 3. Nf3 Bb7 4. Bd3 c5 5. c3 cxd4 6. cxd4 Bb4+ 7. Bd2 Bxd2+ 8. Qxd2 Ne7 9. Nc3 0-0 10. 0-0 f5 11. Qe2 g6 12. Rad1 Kg7 13. Rfe1 Nbc6 14. d5 Nb4 15. Bc4 fxe4 16. dxe6 d5 17. a3 Qc7 18. Nd4 dxc4 19. axb4 Rad8 20. Nxe4 Bxe4 21. Qxe4 Rf4 22. Nb5 Rxe4 23. Nxc7 Rxe1+ 24. Rxe1 Rd2 25. Rb1 Kf6 26. Kf1 Nc6 27. b5 Nd4 28. Re1 Nf5 29. g4 Ne7 30. Rc1 Rd4 31. h3 g5 32. Re1 Nc8 33. Re3 Ke7 34. Rf3 Rf4 35. Rxf4 gxf4 36. Nd5+ Kxe6 37. Nxf4+ Ke5 38. Ne2 Nd6 39. Nc3 Kf4 40. Ke2 Nf7 41. Nd5+ Ke5 42. Nc3 Kf4 43. Nd5+ 1/2-1/2

[Event "Langenhagen Summer op 1st"]
[Site "Langenhagen"]
[Date "2019.07.06"]
[Round "6"]
[White "Backhaus, Manfred"]
[Black "Schmidt Klie, Lasse"]
[Result "0-1"]
[WhiteElo "1866"]
[BlackElo "1906"]
[PlyCount "105"]
[EventDate "2019.07.04"]
[EventType "swiss"]
[EventRounds "7"]
[EventCountry "GER"]
[SourceTitle "EXT 2020"]
[Source "ChessBase"]
[SourceDate "2019.10.17"]
[SourceVersion "1"]
[SourceVersionDate "2019.10.17"]
[SourceQuality "1"]

1. e4 e6 2. Nf3 d5 3. exd5 exd5 4. d4 Bd6 5. Bg5 f6 6. Bh4 Ne7 7. c4 c6 8. Nc3 Bf5 9. Qb3 Qc7 10. cxd5 Nxd5 11. Bc4 Qe7+ 12. Kd1 Nxc3+ 13. bxc3 Qc7 14. Bg3 Bxg3 15. hxg3 Kd8 16. Kd2 Nd7 17. Nh4 g6 18. Rae1 Nb6 19. Be6 Bxe6 20. Qxe6 Rf8 21. Re2 Qd7 22. Rhe1 Qxe6 23. Rxe6 Nc8 24. c4 Kd7 25. c5 Rf7 26. Re8 b6 27. Rh8 bxc5 28. dxc5 Nb6 29. Rxa8 Nxa8 30. Rb1 Ke6 31. Nf3 Kd5 32. Rc1 Rb7 33. Rc2 Rb5 34. Ne1 Rxc5 35. Rb2 Rb5 36. Rc2 Nc7 37. Nd3 Ne6 38. a3 a5 39. Kc3 g5 40. Rd2 Kd6 41. Nf4+ Ke7 42. Nxe6 Kxe6 43. Rd8 a4 44. Rc8 Rb3+ 45. Kc2 Kd6 46. Rf8 Ke7 47. Rc8 Rxa3 48. Rxc6 Ra2+ 49. Kd3 Rxf2 50. Ke3 Rxg2 51. Kf3 Rb2 52. Ra6 Rb3+ 53. Kf2 0-1

[Event "Langenhagen Summer op 1st"]
[Site "Langenhagen"]
[Date "2019.07.05"]
[Round "3"]
[White "Backhaus, Manfred"]
[Black "Hintze, Stefan"]
[Result "0-1"]
[WhiteElo "1866"]
[BlackElo "2089"]
[PlyCount "142"]
[EventDate "2019.07.04"]
[EventType "swiss"]
[EventRounds "7"]
[EventCountry "GER"]
[SourceTitle "EXT 2020"]
[Source "ChessBase"]
[SourceDate "2019.10.17"]
[SourceVersion "1"]
[SourceVersionDate "2019.10.17"]
[SourceQuality "1"]

1. e4 Nc6 2. Nf3 Nf6 3. d3 d5 4. exd5 Nxd5 5. Be2 e5 6. 0-0 Bc5 7. Nbd2 0-0 8. a3 a5 9. Nb3 Be7 10. Re1 f5 11. Bf1 Bf6 12. c3 a4 13. Nc5 Qd6 14. Nxa4 b5 15. c4 Rxa4 16. cxd5 Qxd5 17. Bg5 Nd4 18. Nxd4 Rxd4 19. Be3 Rg4 20. Rc1 f4 21. Bc5 Rd8 22. Bb4 c6 23. Rc5 Qe6 24. Qf3 Rd5 25. Rec1 Bd7 26. R5c2 Rg6 27. Re1 Qf5 28. Bc5 Qg5 29. Bb4 h5 30. Rc5 Bg4 31. Qe4 Bf5 32. Qf3 Bg4 33. Qe4 Rxc5 34. Bxc5 Bd7 35. d4 exd4 36. Bxd4 Bf5 37. Bxf6 Rxf6 38. Qe8+ Kh7 39. Re5 Qg6 40. Qb8 Be6 41. Qd8 Bc4 42. Qd1 f3 43. g3 Bxf1 44. Kxf1 Rf5 45. Rxf5 Qxf5 46. h4 c5 47. b3 c4 48. bxc4 bxc4 49. Kg1 c3 50. Kh2 c2 51. Qd2 Qc5 52. Qd3+ Kh6 53. Qd2+ Kg6 54. Qd3+ Qf5 55. Qd6+ Kh7 56. Qd2 Qe4 57. Qg5 g6 58. Qc5 Kg7 59. Qc7+ Kf6 60. Qd6+ Kf5 61. Qc5+ Ke6 62. Qb6+ Kd5 63. Qa5+ Kc4 64. Qd2 Kb3 65. a4 Kxa4 66. Qc3 Qe2 67. Qd4+ Kb3 68. Qb6+ Kc3 69. Qc5+ Kd2 70. Qd4+ Ke1 71. Qb4+ Qd2 0-1

[Event "Langenhagen Summer op 1st"]
[Site "Langenhagen"]
[Date "2019.07.04"]
[Round "1"]
[White "Kleinschroth, Roland"]
[Black "Backhaus, Manfred"]
[Result "1-0"]
[WhiteElo "2092"]
[BlackElo "1866"]
[PlyCount "57"]
[EventDate "2019.07.04"]
[EventType "swiss"]
[EventRounds "7"]
[EventCountry "GER"]
[SourceTitle "EXT 2020"]
[Source "ChessBase"]
[SourceDate "2019.10.17"]
[SourceVersion "1"]
[SourceVersionDate "2019.10.17"]
[SourceQuality "1"]

1. e4 e6 2. d3 b6 3. Nf3 Bb7 4. g3 Ne7 5. Bg2 f5 6. Qe2 fxe4 7. dxe4 Ng6 8. h4 Nc6 9. Nc3 Bb4 10. Bd2 Qe7 11. 0-0-0 h6 12. Nb5 Bxd2+ 13. Rxd2 0-0-0 14. h5 Nf8 15. Nfd4 Kb8 16. f4 a6 17. Nxc6+ Bxc6 18. Nd4 Bb7 19. e5 c5 20. Bxb7 Kxb7 21. Qe4+ Kc7 22. Nf3 Qf7 23. Rd6 g6 24. b4 cxb4 25. Qc4+ Kb7 26. Qd4 Ra8 27. Rd1 Rb8 28. Qxb6+ Kc8 29. Rc6+ 1-0

[Event "Hannover-ch MT"]
[Site "Stadthagen"]
[Date "2009.10.05"]
[Round "5"]
[White "Backhaus, Manfred"]
[Black "Edel, Thomas"]
[Result "0-1"]
[WhiteElo "1942"]
[BlackElo "1991"]
[PlyCount "110"]
[EventDate "2009.10.03"]
[EventType "swiss"]
[EventRounds "7"]
[EventCountry "GER"]
[SourceTitle "EXT 2021"]
[Source "ChessBase"]
[SourceDate "2020.10.23"]
[SourceVersion "1"]
[SourceVersionDate "2020.10.23"]
[SourceQuality "1"]

1. e4 c6 2. d4 d5 3. exd5 cxd5 4. Nf3 Nc6 5. Bd3 Bg4 6. c3 e6 7. h3 Bh5 8. Nbd2 Nf6 9. Qa4 Bd6 10. 0-0 0-0 11. Re1 Qc7 12. Bb5 Rfc8 13. Bxc6 Qxc6 14. Qxc6 Rxc6 15. Ne5 Rc7 16. Ndf3 Bxf3 17. Nxf3 b5 18. a3 a5 19. Be3 Rac8 20. Nd2 b4 21. cxb4 axb4 22. a4 Rc2 23. Reb1 Kf8 24. Nb3 Ra8 25. a5 Nd7 26. Kf1 Ke7 27. Ke1 Kd8 28. Kd1 Rc6 29. Ra2 Rca6 30. Bd2 Nb8 31. Rba1 Nc6 32. Nc5 Bxc5 33. dxc5 Rb8 34. Ra4 Rb5 35. b3 Kd7 36. Rc1 e5 37. f3 Ke6 38. Rca1 f5 39. g4 g6 40. g5 d4 41. Ke2 Kd5 42. h4 Kxc5 43. h5 Kd5 44. hxg6 hxg6 45. Rh1 e4 46. fxe4+ fxe4 47. Rh6 d3+ 48. Kf2 Ne5 49. Rh7 Raxa5 50. Ra7 Rxa7 51. Rxa7 Kd4 52. Re7 Ng4+ 53. Ke1 e3 54. Bxe3+ Nxe3 55. Kd2 Rxg5 0-1

[Event "Hannover-chC"]
[Site "Lehrte"]
[Date "2006.10.15"]
[Round "4"]
[White "Backhaus, Manfred"]
[Black "Stoy, Ulf"]
[Result "1/2-1/2"]
[WhiteElo "1894"]
[BlackElo "1951"]
[PlyCount "92"]
[EventDate "2006.10.14"]
[EventType "swiss"]
[EventRounds "7"]
[EventCountry "GER"]
[SourceTitle "EXT 2021"]
[Source "ChessBase"]
[SourceDate "2020.10.23"]
[SourceVersion "1"]
[SourceVersionDate "2020.10.23"]
[SourceQuality "1"]

1. e4 d6 2. Bc4 Nf6 3. d3 g6 4. f4 Bg7 5. Ne2 d5 6. exd5 Nxd5 7. 0-0 c6 8. Nbc3 Bg4 9. Nxd5 cxd5 10. Bb3 Nc6 11. h3 Be6 12. c3 Qd7 13. Kh2 h5 14. Ba4 a6 15. d4 h4 16. b4 b5 17. Bc2 Bf5 18. a4 0-0 19. Ng1 Bf6 20. Nf3 Rac8 21. Ne5 Qe6 22. axb5 Bxc2 23. Qxc2 Nxd4 24. Qf2 Nxb5 25. Re1 Qf5 26. Rxa6 Nxc3 27. Bb2 Ne4 28. Qf3 Rc2 29. Bd4 Kg7 30. Qg4 Qxg4 31. hxg4 Rd2 32. Be3 Rb2 33. Rb6 Rc8 34. Nd3 Rb3 35. Nc5 Rb2 36. Nxe4 dxe4 37. g5 Bc3 38. Rc1 Rb3 39. Rb7 e5 40. Kh1 Re8 41. b5 Bd4 42. Rcc7 Rf8 43. Bxd4 exd4 44. Re7 e3 45. Rbd7 Rxb5 46. Rxd4 Rb3 1/2-1/2

[Event "Hannover-chC"]
[Site "Lehrte"]
[Date "2006.10.15"]
[Round "3"]
[White "Ehlert, Horst"]
[Black "Backhaus, Manfred"]
[Result "0-1"]
[WhiteElo "1922"]
[BlackElo "1894"]
[PlyCount "72"]
[EventDate "2006.10.14"]
[EventType "swiss"]
[EventRounds "7"]
[EventCountry "GER"]
[SourceTitle "EXT 2021"]
[Source "ChessBase"]
[SourceDate "2020.10.23"]
[SourceVersion "1"]
[SourceVersionDate "2020.10.23"]
[SourceQuality "1"]

1. d4 e6 2. Nf3 b6 3. e4 Bb7 4. Nbd2 c5 5. Bd3 cxd4 6. Nxd4 Nc6 7. Nxc6 Bxc6 8. 0-0 Nf6 9. e5 Nd5 10. Nf3 Be7 11. c4 Nb4 12. Bb1 d5 13. a3 Na6 14. Nd4 Qd7 15. Nxc6 Qxc6 16. cxd5 exd5 17. Be3 Nc7 18. Bf5 Ne6 19. Rc1 Qd7 20. Qb3 0-0 21. Rfd1 Rad8 22. Qa2 g6 23. Bh3 Rfe8 24. g3 Bf8 25. Rc2 Bg7 26. Rcd2 Qc7 27. f4 Bf8 28. Rxd5 Rxd5 29. Rxd5 Qc2 30. Rd2 Qc1+ 31. Kf2 Qh1 32. Bg2 Qxh2 33. b4 h5 34. Rd1 h4 35. gxh4 Qxh4+ 36. Kf3 Qh5+ 0-1

[Event "Langenhagen-ch op"]
[Site "Langenhagen"]
[Date "2005.06.24"]
[Round "5"]
[White "Dinc, Fatih Ali"]
[Black "Backhaus, Manfred"]
[Result "0-1"]
[WhiteElo "949"]
[BlackElo "1872"]
[PlyCount "124"]
[EventDate "2005.05.06"]
[EventType "tourn"]
[EventRounds "9"]
[EventCountry "GER"]
[SourceTitle "EXT 2021"]
[Source "ChessBase"]
[SourceDate "2020.10.23"]
[SourceVersion "1"]
[SourceVersionDate "2020.10.23"]
[SourceQuality "1"]

1. e4 e5 2. Nf3 d6 3. Bc4 Be6 4. Bxe6 fxe6 5. d3 Nc6 6. Bg5 Be7 7. Bxe7 Qxe7 8. Nc3 Nf6 9. 0-0 0-0 10. Ne2 Rf7 11. Ng3 Raf8 12. h3 Nd4 13. Ng5 Nd7 14. Nxf7 Rxf7 15. c3 Nc6 16. Qb3 Nc5 17. Qd1 Qh4 18. d4 Nxe4 19. Nxe4 Qxe4 20. dxe5 Nxe5 21. Qd4 Qxd4 22. cxd4 Nc6 23. Rfd1 d5 24. a3 Kf8 25. Rd2 Ke7 26. Re1 Kd6 27. Kf1 Rf4 28. Red1 Na5 29. g3 Rf6 30. Rd3 Nc4 31. Rb3 b6 32. Kg2 a5 33. a4 h6 34. Rdd3 Ke7 35. h4 Rf8 36. Rdc3 Kd6 37. Rd3 Rf7 38. Rd1 Re7 39. f4 c5 40. Kf3 Kc6 41. Rb5 Nd6 42. Rb3 c4 43. Re3 b5 44. axb5+ Kxb5 45. Ra1 a4 46. Rae1 Ne4 47. Ke2 Ra7 48. Rb1 Ra6 49. Kd1 Kb4 50. Kc2 Ra7 51. Ra3 Nd6 52. Rba1 Nb5 53. Re3 Nxd4+ 54. Kd2 Nb3+ 55. Rxb3+ Kxb3 56. Kc1 a3 57. bxa3 Rxa3 58. Rb1+ Kc3 59. Rb6 Ra1+ 60. Rb1 Rxb1+ 61. Kxb1 Kd2 62. g4 c3 0-1

[Event "Langenhagen-ch op"]
[Site "Langenhagen"]
[Date "2005.06.10"]
[Round "4"]
[White "Backhaus, Manfred"]
[Black "Wittur, Helge"]
[Result "1-0"]
[WhiteElo "1872"]
[BlackElo "1888"]
[PlyCount "99"]
[EventDate "2005.05.06"]
[EventType "tourn"]
[EventRounds "9"]
[EventCountry "GER"]
[SourceTitle "EXT 2021"]
[Source "ChessBase"]
[SourceDate "2020.10.23"]
[SourceVersion "1"]
[SourceVersionDate "2020.10.23"]
[SourceQuality "1"]

1. e4 g6 2. Nf3 Bg7 3. Bc4 e6 4. 0-0 Ne7 5. d4 d5 6. exd5 exd5 7. Bb3 0-0 8. Bg5 f6 9. Bd2 Be6 10. Re1 Bf7 11. Bb4 Re8 12. Nc3 c6 13. Qd2 a5 14. Bxe7 Rxe7 15. Rxe7 Qxe7 16. Re1 Qc7 17. a4 Nd7 18. Ne2 Re8 19. Qf4 Qxf4 20. Nxf4 Rxe1+ 21. Nxe1 Kf8 22. Kf1 Ke7 23. Ke2 Kd6 24. Nfd3 b6 25. c3 Nf8 26. Bc2 Ne6 27. g3 c5 28. dxc5+ bxc5 29. Nc1 Be8 30. f4 Nc7 31. Nf3 Na8 32. Kd2 Nb6 33. b3 Bc6 34. Bd1 Bf8 35. Be2 Ke6 36. Bb5 Bb7 37. Ke3 Kd6 38. Nd2 Bc8 39. Nd3 Bf5 40. Ne1 Bg7 41. c4 d4+ 42. Kf3 h5 43. Ne4+ Bxe4+ 44. Kxe4 Bf8 45. Be8 g5 46. fxg5 fxg5 47. Bxh5 Ke6 48. Nf3 Be7 49. Ne5 Nd7 50. Bg4+ 1-0

[Event "Langenhagen-ch op"]
[Site "Langenhagen"]
[Date "2004.07.09"]
[Round "7"]
[White "Patronow, Sergej"]
[Black "Backhaus, Manfred"]
[Result "1-0"]
[WhiteElo "1897"]
[BlackElo "1870"]
[PlyCount "127"]
[EventDate "2004.05.21"]
[EventType "swiss"]
[EventRounds "7"]
[EventCountry "GER"]
[SourceTitle "EXT 2021"]
[Source "ChessBase"]
[SourceDate "2020.10.23"]
[SourceVersion "1"]
[SourceVersionDate "2020.10.23"]
[SourceQuality "1"]

1. c4 e6 2. Nc3 b6 3. Nf3 Bb7 4. d4 Bb4 5. a3 Bxc3+ 6. bxc3 Nf6 7. Bg5 h6 8. Bh4 g5 9. Bg3 Ne4 10. Qc2 f5 11. h3 Nxg3 12. fxg3 Be4 13. Qd2 Qf6 14. e3 Nc6 15. Bd3 d5 16. 0-0 Na5 17. cxd5 exd5 18. Qe2 Qe6 19. Ne5 0-0 20. Bxe4 fxe4 21. Qh5 Kg7 22. h4 gxh4 23. Qxh4 Nc4 24. Nxc4 dxc4 25. Rf4 Rxf4 26. gxf4 Rg8 27. Rf1 Kf7 28. f5 Qf6 29. Qxe4 Qe7 30. Qd5+ Kf8 31. e4 Rxg2+ 32. Kxg2 Qg5+ 33. Kf3 Qh5+ 34. Ke3 Qg5+ 35. Ke2 Qg4+ 36. Rf3 Qg2+ 37. Rf2 Qg4+ 38. Kd2 Qg3 39. Qd8+ Kg7 40. Qd7+ Kf8 41. Qd8+ Kf7 42. Ke1 Qg1+ 43. Ke2 Qg4+ 44. Ke3 Qg3+ 45. Rf3 Qg1+ 46. Kf4 Qh2+ 47. Rg3 Qf2+ 48. Rf3 Qh2+ 49. Ke3 Qg1+ 50. Ke2 Qg2+ 51. Ke3 Qg1+ 52. Kf4 Qh2+ 53. Rg3 Qf2+ 54. Ke5 Qxg3+ 55. Kd5 Qd6+ 56. Qxd6 cxd6 57. Kxd6 Ke8 58. Ke5 h5 59. Kf4 h4 60. Kg4 h3 61. Kxh3 a5 62. Kg3 b5 63. Kf3 b4 64. cxb4 1-0

[Event "Langenhagen-ch op"]
[Site "Langenhagen"]
[Date "2004.06.18"]
[Round "4"]
[White "Backhaus, Manfred"]
[Black "Spiess, Thomas"]
[Result "0-1"]
[WhiteElo "1870"]
[BlackElo "1990"]
[PlyCount "72"]
[EventDate "2004.05.21"]
[EventType "swiss"]
[EventRounds "7"]
[EventCountry "GER"]
[SourceTitle "EXT 2021"]
[Source "ChessBase"]
[SourceDate "2020.10.23"]
[SourceVersion "1"]
[SourceVersionDate "2020.10.23"]
[SourceQuality "1"]

1. e4 e6 2. Nf3 d5 3. exd5 exd5 4. d4 Bg4 5. Be2 Nc6 6. 0-0 Bd6 7. Nc3 Nge7 8. h3 Bh5 9. Bg5 f6 10. Be3 a6 11. Nh4 Bf7 12. Bd3 Qd7 13. Qf3 Be6 14. Qh5+ Bf7 15. Qe2 Nb4 16. f4 Nxd3 17. Qxd3 g6 18. Rae1 Bb4 19. a3 Bxc3 20. Qxc3 0-0-0 21. Qc5 b6 22. Qc3 Kb7 23. b4 Nc8 24. Nf3 Nd6 25. Nd2 Rhe8 26. Qd3 Be6 27. Kh2 Bf5 28. Qb3 Qc6 29. Rc1 Re7 30. Rfe1 Rde8 31. Nf1 h5 32. c3 Bd3 33. Bf2 Rxe1 34. Bxe1 Bxf1 35. Bh4 Bc4 36. Qc2 Ne4 0-1

[Event "Langenhagen-ch op"]
[Site "Langenhagen"]
[Date "2004.05.21"]
[Round "1"]
[White "Backhaus, Manfred"]
[Black "Herrmann, Andreas"]
[Result "1/2-1/2"]
[WhiteElo "1870"]
[BlackElo "2178"]
[PlyCount "87"]
[EventDate "2004.05.21"]
[EventType "swiss"]
[EventRounds "7"]
[EventCountry "GER"]
[SourceTitle "EXT 2021"]
[Source "ChessBase"]
[SourceDate "2020.10.23"]
[SourceVersion "1"]
[SourceVersionDate "2020.10.23"]
[SourceQuality "1"]

1. e4 c5 2. Nf3 Nc6 3. d4 cxd4 4. Nxd4 g6 5. Nxc6 bxc6 6. Bc4 Bg7 7. Qf3 Nf6 8. 0-0 0-0 9. e5 Nd5 10. Bxd5 cxd5 11. Qxd5 Rb8 12. c3 Qc7 13. Re1 Bb7 14. Qd4 f6 15. Bf4 fxe5 16. Bxe5 Bxe5 17. Qxe5 Qc6 18. Qg3 Rbe8 19. Nd2 e5 20. b3 Rf5 21. Nc4 Qf6 22. Ne3 Rg5 23. Qh3 Rf8 24. Re2 d5 25. Rae1 Bc8 26. Qh4 d4 27. cxd4 exd4 28. f4 Qxf4 29. Qxf4 Rxf4 30. Nc4 Rd5 31. Re7 Rf7 32. Re8+ Rf8 33. R8e7 d3 34. Rd1 Bg4 35. Rd2 Be2 36. h3 Rf1+ 37. Kh2 Rf7 38. Re5 Rfd7 39. Rxd5 Rxd5 40. Kg3 h5 41. Kf2 Rf5+ 42. Ke3 Rg5 43. Kf2 Rf5+ 44. Ke3 1/2-1/2